Lithuania - Statistics

General Stats
  • This quiz has been taken 67 times
  • The average score is 15 of 20
Answer Stats
Hint Answer % Correct
Flag color (#2) Green
95%
Flag color (#3) Red
95%
Flag color (#1) Yellow
95%
How many countries does Lithuania border? 4
93%
What sea does Lithuania border? Baltic
93%
Official language Lithuanian
93%
Capital City (largest city) Vilnius
93%
Independence from USSR (year) 1990
89%
Second largest city Kaunas
88%
What is the most popular sport in Lithuania? Basketball
84%
Currency Euro
84%
Third largest city Klaipėda
82%
President of the Republic Gitanas Nausėda
77%
First woman President (former) Dalia Grybauskaitė
66%
Currency before 2015 Litas
64%
National bird Stork
57%
Independence (year) 1918
52%
Prime Minister Saulius Skvernelis
27%
Legislature Seimas
23%
First European President to be impeached and retired Rolandas Paksas
21%
No matching quizzes found
Score Distribution
Percent of People with Each Score
Percentile by Number Answered
Your Score History
You have not taken this quiz